[Event "Stay Safe Play From Home 297"]
[Site "Emanuel Lasker Arena"]
[Date "2020.07.12"]
[Round "7"]
[White "sadbat1122"]
[Black "Tvtower68"]
[Result "0-1"]
[WhiteElo "1680"]
[BlackElo "1780"]
[Annotator "NA RC"]
[PlyCount "88"]
[EventDate "2020.07.12"]
[EventType "swiss (blitz)"]

1. e4 {[%emt 0:00:02]} Nf6 {[%emt 0:00:03]} 2. e5 {[%emt 0:00:02]} Nd5 {[%emt 0:00:01]} 3. d4 {[%emt 0:00:03]} e6 {[%emt 0:00:03]} 4. c4 {[%emt 0:00:02]} Nb6 {[%emt 0:00:02]} 5. b3 {[%emt 0:00:03]} d5 {[%emt 0:00:01]} 6. c5 {[%emt 0:00:02]} N6d7 {[%emt 0:00:01]} 7. Nf3 {[%emt 0:00:03]} h6 {[%emt 0:00:02]} 8. Bd3 {[%emt 0:00:03]} a5 {[%emt 0:00:01]} 9. Bb2 {[%emt 0:00:07]} b6 {[%emt 0:00:01]} 10. cxb6 {[%emt 0:00:12]} Nxb6 {[%emt 0:00:01]} 11. O-O {[%emt 0:00:04]} Be7 {[%emt 0:00:01]} 12. Nbd2 {[%emt 0:00:03]} c5 {[%emt 0:00:05]} 13. dxc5 {[%emt 0:00:03]} Bxc5 {[%emt 0:00:02]} 14. Rc1 {[%emt 0:00:02]} N6d7 {[%emt 0:00:14]} 15. Bb5 {[%emt 0:00:02]} Bb6 {[%emt 0:00:08]} 16. a4 {[%emt 0:00:15]} O-O {[%emt 0:00:02]} 17. Re1 {[%emt 0:00:05]} Ba6 {[%emt 0:00:08]} 18. Qe2 {[%emt 0:00:02]} Nc5 {[%emt 0:00:08]} 19. Nd4 {[%emt 0:00:19]} Qh4 {[%emt 0:00:09]} 20. Bxa6 {[%emt 0:00:06]} Nbxa6 {[%emt 0:00:07]} 21. Nb5 {[%emt 0:00:02]} Rac8 {[%emt 0:00:22]} 22. Nd6 {[%emt 0:00:10]} Rb8 {[%emt 0:00:10]} 23. Qf3 {[%emt 0:00:07]} Nb4 {[%emt 0:00:10]} 24. g3 {[%emt 0:00:19]} Qh3 {[%emt 0:00:08]} 25. Re3 {[%emt 0:00:06]} Nd7 {[%emt 0:00:11]} 26. Re2 {[%emt 0:00:11]} Na6 {[%emt 0:00:16]} 27. Nb5 {[%emt 0:00:04]} Nac5 {[%emt 0:00:06]} 28. Bd4 {[%emt 0:00:13]} Ne4 {[%emt 0:00:15]} 29. Nxe4 {[%emt 0:00:02]} dxe4 {[%emt 0:00:01]} 30. Qxe4 {[%emt 0:00:02]} Bd8 {[%emt 0:00:22]} 31. Rec2 {[%emt 0:00:07]} Bg5 {[%emt 0:00:02]} 32. f4 {[%emt 0:00:04]} Bd8 {[%emt 0:00:11]} 33. Qc6 {[%emt 0:00:12]} Nb6 {[%emt 0:00:11]} 34. Nd6 {[%emt 0:00:10]} Nd5 {[%emt 0:00:07]} 35. Qc4 {[%emt 0:00:14]} Rb4 {[%emt 0:00:06]} 36. Qd3 {[%emt 0:00:03]} Qg4 {[%emt 0:00:05]} 37. Rf1 {[%emt 0:00:37]} h5 {[%emt 0:00:09]} 38. Rc4 {[%emt 0:00:11]} h4 {[%emt 0:00:10]} 39. Rxb4 {[%emt 0:00:02]} axb4 {[%emt 0:00:01]} 40. Qf3 {[%emt 0:00:08]} Qg6 {[%emt 0:00:08]} 41. f5 {[%emt 0:00:11]} Qg5 {[%emt 0:00:14]} 42. fxe6 {[%emt 0:00:02]} hxg3 {[%emt 0:00:06]} 43. hxg3 {[%emt 0:00:02]} Nc3 {[%emt 0:00:02]} 44. exf7+ {[%emt 0:00:02]} Kh8 {[%emt 0:00:02] Time (Lag: Av=0.71s, max=0.8s)} 0-1

[Event "Stay Safe Play From Home 297"]
[Site "Emanuel Lasker Arena"]
[Date "2020.07.12"]
[Round "7"]
[White "Timbre"]
[Black "Dukic"]
[Result "0-1"]
[WhiteElo "1524"]
[BlackElo "1919"]
[Annotator "TA"]
[PlyCount "80"]
[EventDate "2020.07.12"]
[EventType "swiss (blitz)"]

{[%evp 9,80,-19,-21,-20,-17,-18,-20,-30,-6,-9,0,-55,-36,-95,-39,-122,-105,-119,-91,-133,-123,-127,-133,-183,-154,-292,-224,-228,-216,-389,-193,-191,-192,-195,-206,-200,-194,-237,-209,-235,-219,-241,-214,-270,-263,-282,-269,-289,126,-219,-216,-244,-231,-266,-271,-337,-339,-543,-337,-29992,-1039,-5648,-1065,-1061,-409,-510,-506,-12850,-7714,-7170,-7041,-6270,-5630]} 1. d4 e6 2. Nf3 Nf6 3. c3 d5 4. Bg5 Nbd7 {[#]} 5. Bxf6 $146 ({Predecessor:} 5. Nbd2 h6 6. Bh4 b6 7. e4 g5 8. Bg3 dxe4 9. Ne5 Bb7 10. Bb5 a6 11. Bc6 Bxc6 12. Nxc6 {0-1 (41) Rapport,R (2725)-Xiong,J (2656) Douglas 2018}) 5... Nxf6 6. Nbd2 {D02: 1 d4 d5 2 Nf3 sidelines, including 2...Nf6 3 g3 and 2...Nf6 3 Bf4.} a6 7. Qc2 c5 8. e4 {The position is equal.} b5 9. dxc5 Bxc5 {aiming for ...Ng4.} 10. exd5 (10. Bd3 $11) 10... Nxd5 11. a3 ({White should try} 11. g3 $15) 11... O-O (11... Bb7 $17 12. Bd3 f5) 12. Be2 (12. g3 $15) 12... Bb7 $17 13. O-O Rc8 14. Ne4 Ba7 15. Ng3 Nf4 16. Rfe1 Qc7 17. Qc1 (17. Red1 $17) 17... Rfd8 18. a4 {[#]} b4 $1 {[%mdl 512]} 19. cxb4 $2 (19. Rd1) 19... Nxe2+ (19... Qb8 $142 20. Qb1 Rd2 $1 {[%mdl 512]}) 20. Nxe2 $19 {[#]} Qb6 $1 $40 {[%mdl 704] Double Attack. Black attacks with force.} 21. Qe3 Qxe3 22. fxe3 Bxe3+ 23. Kh1 Rc2 24. Ng3 Bf4 25. b5 Rxb2 26. bxa6 Bxa6 27. Ne4 h6 28. Nc5 Bc4 $2 (28... Be2 $19 {...Bxf3 is the strong threat.} 29. Ra3 Rc2) 29. a5 $2 {[%mdl 8192] Loses the game.} (29. Re4 $16 {is forced if you want to stay better.}) 29... Bd6 30. Ne4 Bb8 31. a6 {With the idea a7.} Ba7 32. h3 Bd5 33. Ng3 $2 (33. Rac1 {keeps fighting.}) 33... Rdb8 34. Ne5 $2 (34. Re2 $19) 34... Bxg2+ (34... Rxg2 $142 35. Ne4 Rbb2 36. Nf3 {[#]} Rg3 $1 {[%mdl 576] Double Attack, Pin} 37. Re2 Rxe2 38. Nf2 Bxf3+ 39. Kh2 Bb8 40. Rg1 Rxg1+ 41. Kxg1 Re1#) 35. Kh2 Bd5+ (35... Bf3+ $142 36. Ne2 Bxe2) 36. Ne2 Bf2 (36... R8b3 $142 37. Nd7 Re3) 37. a7 Ra8 {Black is clearly winning.} 38. Nd7 (38. Nd3 $142 Bxe1 39. Nxb2) 38... Bxe1 39. Rxe1 Rxa7 40. Nc5 Raa2 {Accuracy: White = 34%, Black = 61%.} 0-1

[Event "Stay Safe Play From Home 297"]
[Site "Emanuel Lasker Arena"]
[Date "2020.07.12"]
[Round "7"]
[White "W Nelles"]
[Black "Oliverfab"]
[Result "0-1"]
[WhiteElo "1368"]
[BlackElo "1877"]
[Annotator "NA RC"]
[PlyCount "56"]
[EventDate "2020.07.12"]
[EventType "swiss (blitz)"]
[BlackTeam "SV Laatzen"]

{- Fábregas, Oliver (1915)} 1. e4 {[%emt 0:00:02]} c6 {[%emt 0:00:02]} 2. d4 {[%emt 0:00:02]} d5 {[%emt 0:00:01]} 3. e5 {[%emt 0:00:01]} c5 {[%emt 0:00:01]} 4. Nf3 {[%emt 0:00:03]} cxd4 {[%emt 0:00:02]} 5. Nxd4 {[%emt 0:00:02]} Nc6 {[%emt 0:00:02]} 6. Nxc6 {[%emt 0:00:02]} bxc6 {[%emt 0:00:01]} 7. Be2 {[%emt 0:00:04]} Bf5 {[%emt 0:00:02]} 8. Nc3 {[%emt 0:00:04]} e6 {[%emt 0:00:02]} 9. Bd2 {[%emt 0:00:03]} Ne7 {[%emt 0:00:02]} 10. O-O {[%emt 0:00:02]} Ng6 {[%emt 0:00:01]} 11. f4 {[%emt 0:00:01]} d4 {[%emt 0:00:05]} 12. Na4 {[%emt 0:00:07]} Be7 {[%emt 0:00:09]} 13. Bh5 {[%emt 0:00:02]} O-O {[%emt 0:00:05]} 14. Bxg6 {[%emt 0:00:01]} Bxg6 {[%emt 0:00:04]} 15. g4 {[%emt 0:00:03]} Be4 {[%emt 0:00:02]} 16. Re1 {[%emt 0:00:07]} Bd5 {[%emt 0:00:02]} 17. c4 {[%emt 0:00:03]} dxc3 {[%emt 0:00:03]} 18. Bxc3 {[%emt 0:00:05]} c5 {[%emt 0:00:05]} 19. b3 {[%emt 0:00:06]} Qc7 {[%emt 0:00:10]} 20. Nb2 {[%emt 0:00:03]} Rfd8 {[%emt 0:00:06]} 21. Qe2 {[%emt 0:00:08]} Qb7 {[%emt 0:00:04]} 22. Rad1 {[%emt 0:00:03]} Rd7 {[%emt 0:00:05]} 23. Nc4 {[%emt 0:00:09]} Rad8 {[%emt 0:00:02]} 24. Na5 {[%emt 0:00:08]} Qa8 {[%emt 0:00:04]} 25. Qb5 {[%emt 0:00:11]} Bh1 {[%emt 0:00:18]} 26. Rd2 {[%emt 0:01:10]} Rxd2 {[%emt 0:00:05]} 27. Qe8+ {[%emt 0:00:21]} Rxe8 {[%emt 0:00:02]} 28. Bxd2 {[%emt 0:00:02]} Qg2# {[%emt 0:00:03] (Lag: Av=0.52s, max=0.8s)} 0-1

[Event "Stay Safe Play From Home 297"]
[Site "Emanuel Lasker Arena"]
[Date "2020.07.14"]
[Round "7"]
[White "Klasman"]
[Black "NeatFox"]
[Result "0-1"]
[WhiteElo "1325"]
[BlackElo "1829"]
[Annotator "NA RC"]
[PlyCount "56"]
[EventDate "2020.07.14"]
[EventType "swiss (blitz)"]

1. f4 {[%emt 0:00:01]} c6 {[%emt 0:00:03]} 2. e4 {[%emt 0:00:01]} d5 {[%emt 0:00:00]} 3. e5 {[%emt 0:00:01]} e6 {[%emt 0:00:01]} 4. Nf3 {[%emt 0:00:01]} c5 {[%emt 0:00:00]} 5. Bb5+ {[%emt 0:00:02]} Nc6 {[%emt 0:00:01]} 6. d4 {[%emt 0:00:02]} cxd4 {[%emt 0:00:01]} 7. Nxd4 {[%emt 0:00:02]} Bd7 {[%emt 0:00:00]} 8. c3 {[%emt 0:00:04]} Nxd4 {[%emt 0:00:01]} 9. Bxd7+ {[%emt 0:00:03]} Qxd7 {[%emt 0:00:00]} 10. cxd4 {[%emt 0:00:04]} Ne7 {[%emt 0:00:01]} 11. Nc3 {[%emt 0:00:01]} Nf5 {[%emt 0:00:01]} 12. g4 {[%emt 0:00:01]} Nh4 {[%emt 0:00:02]} 13. Qe2 {[%emt 0:00:04]} Bb4 {[%emt 0:00:01]} 14. Qf2 {[%emt 0:00:01]} Ng6 {[%emt 0:00:02]} 15. f5 {[%emt 0:00:02]} exf5 {[%emt 0:00:01]} 16. gxf5 {[%emt 0:00:01]} Ne7 {[%emt 0:00:02]} 17. O-O {[%emt 0:00:01]} O-O-O {[%emt 0:00:03]} 18. Bg5 {[%emt 0:00:06]} Kb8 {[%emt 0:00:02]} 19. Bxe7 {[%emt 0:00:02]} Qxe7 {[%emt 0:00:01]} 20. Qf3 {[%emt 0:00:02]} Bxc3 {[%emt 0:00:01]} 21. bxc3 {[%emt 0:00:01]} Rc8 {[%emt 0:00:04]} 22. Rfb1 {[%emt 0:00:02]} Qd7 {[%emt 0:00:03]} 23. Rb3 {[%emt 0:00:02]} Rc4 {[%emt 0:00:02]} 24. Rab1 {[%emt 0:00:01]} Rc7 {[%emt 0:00:01]} 25. e6 {[%emt 0:00:02]} fxe6 {[%emt 0:00:01]} 26. fxe6 {[%emt 0:00:02]} Qxe6 {[%emt 0:00:01]} 27. c4 {[%emt 0:00:02]} Rd8 {[%emt 0:00:06]} 28. cxd5 {[%emt 0:00:02]} Qxd5 {[%emt 0:00:00] Time (Lag: Av=0.48s, max=0.8s)} 0-1

[Event "Stay Safe Play From Home 297"]
[Site "Emanuel Lasker Arena"]
[Date "2020.07.14"]
[Round "8"]
[White "Uber_WING"]
[Black "Mepe_Nika"]
[Result "1/2-1/2"]
[WhiteElo "2430"]
[BlackElo "2392"]
[Annotator "TA"]
[PlyCount "71"]
[EventDate "2020.07.14"]
[EventType "swiss (blitz)"]

{[%evp 12,71,-7,0,59,15,86,31,31,26,39,41,43,26,25,11,43,41,45,57,60,47,54,22,44,0,24,40,47,0,0,-8,24,-129,-27,-70,-3,-129,-128,-148,-83,-89,-62,-68,-12,-29,-34,-64,-50,-78,-63,-57,0,0,0,0,0,-4,0,0,0,0]} 1. e4 e5 2. Nf3 Nc6 3. d4 exd4 4. Bc4 Nf6 5. e5 Ne4 6. O-O Be7 7. Re1 Nc5 {C56: Two Knights: 4 d4 exd4 5 0-0 Nxe4.} (7... d5 $11 8. exd6 Nxd6) 8. c3 {[#]} d3 $146 (8... dxc3 $11 9. Nxc3 b6) ({Predecessor:} 8... dxc3 9. Nxc3 O-O 10. Bf4 b6 11. Bd5 Rb8 12. a3 a6 13. Qc2 Bb7 14. Rad1 Ne6 15. Bg3 {1-0 (43) Zavgorodneva,E-Dejanovic,T (1375) Budva 2013}) 9. Bxd3 (9. b4 $16 Ne6 10. Qxd3) 9... Nxd3 $14 {White is slightly better.} 10. Qxd3 O-O 11. Bf4 d5 12. Nbd2 Bg4 13. Nb3 Bh5 14. Rad1 a5 15. Qxd5 a4 16. Qxd8 Rfxd8 17. Nbd4 Nxd4 18. cxd4 (18. Rxd4 {feels hotter.} c5 19. Rdd1 Bg4 20. h3 Be6 21. a3) 18... Bxf3 19. gxf3 c6 20. Kf1 Rd5 21. Ke2 Rad8 22. Ke3 $2 {[#]} ({Better is} 22. Be3 $1 $11) 22... c5 (22... Bc5 $1 $17 {[%cal Rc5d4][%mdl 512]} 23. Kd3 (23. dxc5 Rxd1) 23... Bxd4) 23. Bg3 cxd4+ ({Black should play} 23... h5 $15) 24. Ke4 (24. Kd3 $1 $11) 24... d3 $17 25. f4 Rd4+ (25... Rb5 $142 {...d2 is the strong threat.} 26. Rxd3 Rb4+ 27. Ke3 Bc5+ 28. Kd2 Rxb2+ {[%mdl 64] Double Attack} 29. Kc3 Rxd3+ 30. Kxb2 Rd2+ 31. Kb1 a3) 26. Kf3 g6 27. Re4 Bc5 (27... h5 $15 28. Rxd4 Rxd4) 28. Rxd4 Rxd4 $11 {[%mdl 4096] Endgame KRB-KRB} 29. b3 axb3 30. axb3 h5 31. Bh4 b5 (31... d2 $15) 32. Bf6 {And now e6! would win.The position is equal.} Rd5 33. Ke4 Rd4+ 34. Kf3 {aiming for e6!} Rd5 35. Ke4 Rd4+ 36. Kf3 $1 {Accuracy: White = 53%, Black = 54%.} 1/2-1/2

[Event "Stay Safe Play From Home 297"]
[Site "Emanuel Lasker Arena"]
[Date "2020.07.14"]
[Round "8"]
[White "BrainThinker22"]
[Black "Bardellosport"]
[Result "1-0"]
[WhiteElo "2383"]
[BlackElo "2045"]
[Annotator "NA"]
[PlyCount "133"]
[EventDate "2020.07.14"]
[EventType "swiss (blitz)"]

1. e4 {[%emt 0:00:00]} e6 {[%emt 0:00:01]} 2. Nc3 {[%emt 0:00:01]} d5 {[%emt 0:00:00]} 3. d3 {[%emt 0:00:01]} c6 {[%emt 0:00:00]} 4. e5 {[%emt 0:00:01]} c5 {[%emt 0:00:01]} 5. f4 {[%emt 0:00:00]} d4 {[%emt 0:00:00]} 6. Ne4 {[%emt 0:00:01]} Nc6 {[%emt 0:00:00]} 7. g3 {[%emt 0:00:01]} g6 {[%emt 0:00:01]} 8. Bg2 {[%emt 0:00:00]} Nh6 {[%emt 0:00:01]} 9. Ne2 {[%emt 0:00:01]} Nf5 {[%emt 0:00:00]} 10. O-O {[%emt 0:00:00]} Be7 {[%emt 0:00:01]} 11. h3 {[%emt 0:00:01]} O-O {[%emt 0:00:00]} 12. Qe1 {[%emt 0:00:01]} f6 {[%emt 0:00:01]} 13. exf6 {[%emt 0:00:01]} Bxf6 {[%emt 0:00:00]} 14. Nxf6+ {[%emt 0:00:00]} Qxf6 {[%emt 0:00:00]} 15. Bd2 {[%emt 0:00:00]} h5 {[%emt 0:00:02]} 16. Kh2 {[%emt 0:00:02]} Bd7 {[%emt 0:00:01]} 17. Ng1 {[%emt 0:00:01]} Rf7 {[%emt 0:00:01]} 18. Nf3 {[%emt 0:00:01]} Qg7 {[%emt 0:00:00]} 19. Ng5 {[%emt 0:00:01]} Re7 {[%emt 0:00:01]} 20. Be4 {[%emt 0:00:02]} Rae8 {[%emt 0:00:01]} 21. Qf2 {[%emt 0:00:01]} e5 {[%emt 0:00:02]} 22. Rae1 {[%emt 0:00:01]} exf4 {[%emt 0:00:01]} 23. Bxf4 {[%emt 0:00:00]} Ne5 {[%emt 0:00:01]} 24. Bd5+ {[%emt 0:00:01]} Kh8 {[%emt 0:00:01]} 25. Bxe5 {[%emt 0:00:01]} Rxe5 {[%emt 0:00:00]} 26. Nf7+ {[%emt 0:00:01]} Kh7 {[%emt 0:00:05]} 27. Rxe5 {[%emt 0:00:02]} Rxe5 {[%emt 0:00:00]} 28. Nxe5 {[%emt 0:00:00]} Qxe5 {[%emt 0:00:00]} 29. Bxb7 {[%emt 0:00:01]} h4 {[%emt 0:00:02]} 30. Qf4 {[%emt 0:00:05]} Qe2+ {[%emt 0:00:01]} 31. Bg2 {[%emt 0:00:04]} Nxg3 {[%emt 0:00:01]} 32. Qxh4+ {[%emt 0:00:01]} Nh5 {[%emt 0:00:02]} 33. Qf2 {[%emt 0:00:04]} Qe5+ {[%emt 0:00:00]} 34. Kg1 {[%emt 0:00:01]} Be6 {[%emt 0:00:02]} 35. Re1 {[%emt 0:00:03]} Qd6 {[%emt 0:00:01]} 36. Qe2 {[%emt 0:00:01]} Bf5 {[%emt 0:00:01]} 37. Qe7+ {[%emt 0:00:01]} Qxe7 {[%emt 0:00:01]} 38. Rxe7+ {[%emt 0:00:00]} Kh6 {[%emt 0:00:00]} 39. Rxa7 {[%emt 0:00:00]} Ng3 {[%emt 0:00:01]} 40. Rc7 {[%emt 0:00:00]} Ne2+ {[%emt 0:00:00]} 41. Kf2 {[%emt 0:00:00]} Nf4 {[%emt 0:00:02]} 42. Rxc5 {[%emt 0:00:00]} Ne6 {[%emt 0:00:00]} 43. Re5 {[%emt 0:00:01]} Nc7 {[%emt 0:00:01]} 44. a4 {[%emt 0:00:02]} Bd7 {[%emt 0:00:02]} 45. a5 {[%emt 0:00:01]} Na6 {[%emt 0:00:01]} 46. c3 {[%emt 0:00:02]} dxc3 {[%emt 0:00:01]} 47. bxc3 {[%emt 0:00:00]} Ba4 {[%emt 0:00:01]} 48. c4 {[%emt 0:00:01]} Nb4 {[%emt 0:00:01]} 49. Re6 {[%emt 0:00:01]} Nxd3+ {[%emt 0:00:01]} 50. Ke3 {[%emt 0:00:00]} Nc5 {[%emt 0:00:01]} 51. Re7 {[%emt 0:00:01]} Kg5 {[%emt 0:00:01]} 52. Bd5 {[%emt 0:00:01]} Nb3 {[%emt 0:00:01]} 53. Rb7 {[%emt 0:00:01]} Bd7 {[%emt 0:00:01]} 54. Rb6 {[%emt 0:00:00]} Bf5 {[%emt 0:00:00]} 55. Rxb3 {[%emt 0:00:01]} Kf6 {[%emt 0:00:01]} 56. Rb6+ {[%emt 0:00:00]} Ke5 {[%emt 0:00:00]} 57. a6 {[%emt 0:00:00]} Bxh3 {[%emt 0:00:01]} 58. a7 {[%emt 0:00:00]} Bc8 {[%emt 0:00:00]} 59. a8=Q {[%emt 0:00:00]} Be6 {[%emt 0:00:00]} 60. Rxe6+ {[%emt 0:00:02]} Kf5 {[%emt 0:00:00]} 61. Qf8+ {[%emt 0:00:01]} Kg5 {[%emt 0:00:00]} 62. Qf4+ {[%emt 0:00:00]} Kh5 {[%emt 0:00:01]} 63. Qh2+ {[%emt 0:00:00]} Kg5 {[%emt 0:00:01]} 64. Re5+ {[%emt 0:00:00]} Kf6 {[%emt 0:00:01]} 65. Qf4+ {[%emt 0:00:01]} Kg7 {[%emt 0:00:00]} 66. Re7+ {[%emt 0:00:00]} Kh8 {[%emt 0:00:03]} 67. Qf8# {[%emt 0:00:00] (Lag: Av=0.46s, max=1.2s)} 1-0

[Event "Stay Safe Play From Home 297"]
[Site "Emanuel Lasker Arena"]
[Date "2020.07.14"]
[Round "8"]
[White "NTBT_DHS"]
[Black "Broken sword"]
[Result "0-1"]
[WhiteElo "2315"]
[BlackElo "2426"]
[Annotator "TA"]
[PlyCount "90"]
[EventDate "2020.07.14"]
[EventType "swiss (blitz)"]

{[%evp 13,89,0,18,0,0,0,2,0,0,5,0,0,41,0,50,45,41,0,18,-16,22,31,42,0,0,-114,-101,-89,-83,-169,-171,-301,-151,-162,-166,-154,-162,-152,-162,-152,-156,-153,-152,-300,-155,-188,-184,-185,-153,-173,-133,-161,-96,-333,-161,-154,-112,-141,-118,-255,-247,-560,683,-5306,-5306,-5222,-614,-29990,-29991,-29991,-29992,-29999,-29997,-29997,-29998,-29999,-29999,-29999]} 1. e4 c5 2. Nf3 e6 3. Nc3 a6 4. g3 b5 5. Bg2 Bb7 6. d3 d6 7. O-O Nf6 8. a4 {B40: Sicilian: 2...e6, Unusual lines.} b4 9. Nb1 {[%cal Bc3b1,Bb1d2,Bd2c4][%mdl 32] is the legacy move (9.Ne2).} Nc6 10. Nbd2 {The position is equal.} Qc7 11. Nc4 {[#]} Nd7 $146 ({Predecessor:} 11... Be7 12. Bf4 Nh5 13. Bd2 Nf6 14. Nh4 d5 15. exd5 Nxd5 16. Ne3 Nxe3 17. fxe3 Bxh4 18. gxh4 {½-½ (35) Guo,H-Mudongo,B (1850) Gauteng 2011}) 12. a5 Nde5 13. Nfd2 Nxc4 14. Nxc4 Be7 15. f4 O-O 16. Be3 Nd4 17. c3 Nc6 18. g4 Rad8 19. Qd2 (19. f5 $11 {remains equal.}) 19... d5 $17 20. exd5 exd5 21. Nb6 (21. Ne5 $17 {was called for.}) 21... d4 22. Bf2 (22. cxd4 {was the only defense.} cxd4 23. Bf2) 22... bxc3 (22... dxc3 $19 23. bxc3 Nxa5 $1 {[%mdl 512]} 24. Rxa5 Bxg2 25. Kxg2 Qxb6 26. cxb4 Qb7+ 27. Kg3 cxb4) 23. bxc3 dxc3 24. Qxc3 Nd4 25. Bxd4 Rxd4 26. Bxb7 Qxb7 27. Rae1 Bd6 28. Qd2 {[#]} (28. Qc2 $17) 28... Bc7 ({Black should play} 28... c4 $1 $19 {[%mdl 512]} 29. Qf2 (29. Nxc4 Bc5) 29... Rxf4) 29. Nc4 Qd5 30. Qe2 h6 31. Rf3 Rd8 32. Ne3 Qd7 (32... Qb7 $19 33. Nf5 Rxf4 34. Rxf4 Bxf4) 33. g5 $2 (33. Nf5 $17 {only move.}) 33... Bxf4 (33... Rxd3 $142 34. gxh6 Bxa5) 34. gxh6 $19 Bxh6 {Threatens to win with ...Re8.} 35. Nf5 Rxd3 36. Ne7+ (36. Rff1 $17) 36... Kh8 {Hoping for ...Qg4+.} 37. Rxf7 $2 (37. Qxd3 {is a better chance.} Qxd3 38. Rxd3 Rxd3 39. Kf2) 37... Re3 $4 {[%mdl 8192]} (37... Qd4+ $19 38. Qf2 {[#]} Be3 $1 {[%mdl 512]} 39. Rxe3 Qxe3 40. Qxe3 Rxe3) 38. Qxe3 $4 {[%mdl 8192]} (38. Ng6+ $18 Kh7 39. Rxd7 Rxe2 40. Rxe2) 38... Bxe3+ 39. Rxe3 Qd1+ (39... Qg4+ $142 40. Rg3 Rd1+ 41. Kg2 Rd2+ 42. Rf2 Qe4+ {[%mdl 64] Double Attack} 43. Kg1 Qe1+ 44. Rf1 Qxe7) 40. Kf2 {aiming for Rh3+.} Rd2+ {Black mates.} 41. Kg3 {[#]} Qg1+ $1 {[%mdl 64] Double Attack} 42. Kh3 Qxe3+ 43. Kh4 Rd4+ 44. Kh5 Qh3+ 45. Kg6 Qg4# {Accuracy: White = 35%, Black = 46%.} 0-1

[Event "Stay Safe Play From Home 297"]
[Site "Emanuel Lasker Arena"]
[Date "2020.07.14"]
[Round "8"]
[White "Little champs"]
[Black "AChessPlayer"]
[Result "0-1"]
[WhiteElo "2248"]
[BlackElo "2405"]
[Annotator "TA"]
[PlyCount "94"]
[EventDate "2020.07.14"]
[EventType "swiss (blitz)"]

{[%evp 9,94,5,9,13,26,16,48,21,23,5,12,-12,-18,-37,-42,-48,-22,-35,0,-4,-1,-111,-91,-96,-102,-133,-93,-153,-102,-168,-44,-98,-87,-71,-32,-17,13,7,225,208,221,212,188,149,138,94,128,135,134,123,135,56,258,108,107,87,137,98,105,92,100,106,125,27,36,22,124,47,64,61,105,-961,-962,-1322,-1145,-1137,-1006,-12833,-12834,-12841,-5304,-12841,-12839,-12846,-12846,-12847,-12848]} 1. e4 d6 2. Nf3 Nf6 3. d3 Nbd7 4. Nc3 e5 5. g3 c6 6. Bg2 {B07: Pirc Defence: Miscellaneous Systems.} b5 7. O-O {[#]} b4 $146 ({Predecessor:} 7... Be7 8. Be3 h6 9. a4 b4 10. Na2 a5 11. c3 c5 12. d4 b3 13. Nc1 c4 14. dxe5 dxe5 {0-1 (56) Navarro,F-Gonzalez Amaya,M (1931) Caleta 2005}) 8. Ne2 {White is slightly better.} a5 9. Re1 Be7 10. c3 O-O 11. h4 Ba6 12. c4 Nc5 13. b3 Nfd7 14. Be3 Ne6 15. Ng5 (15. d4 $11 {remains equal.}) 15... Nxg5 $17 16. hxg5 Bxg5 17. f4 Bf6 {Threatens to win with ...exf4.} 18. Rc1 (18. d4 $142) 18... Bb7 ({Black should play} 18... c5 19. fxe5 Bxe5) 19. Qd2 (19. d4 $17) 19... a4 ({Black should try} 19... c5 $19 20. fxe5 Bxe5) 20. d4 (20. Qxb4 $15 Qc7 21. bxa4) 20... axb3 21. axb3 exd4 22. Nxd4 Re8 (22... Nc5 $5 {[%cal Rf6d4]} 23. Qxb4 Rb8 $17) 23. Nf5 $36 {[%mdl 2048] White is pushing.} d5 $2 (23... Bc3 $11 24. Rxc3 bxc3 25. Qxc3 Nf6) 24. e5 Nxe5 {White should prevent ...Ng4.} 25. fxe5 Rxe5 26. Nd4 {[%cal Bf5d4,Bd4f3,Bf3d2][%mdl 32]} c5 {[#] ...Rxe3 is the strong threat.} 27. Nf3 Re4 28. cxd5 (28. Bxc5 $6 Bc3 $11) 28... Qxd5 29. Qxd5 Bxd5 30. Nd2 (30. Bxc5 $16 {Strongly threatening Red1.} Bc3 31. Red1 Bxb3 32. Rd3) 30... Re5 $2 (30... Rxe3 $1 $14 31. Rxe3 (31. Bxd5 Bd4 $14) 31... Bd4) 31. Bxd5 ({Don't do} 31. Rxc5 $6 Bxg2 32. Kxg2 Rxc5 $16) (31. Bxc5 $6 Rxe1+ 32. Rxe1 Bxg2 $18) (31. Nc4 $18 {and White stays clearly on top.} Ra2 32. Nxe5 Rxg2+ 33. Kf1 Rxg3 34. Bf2 (34. Bxc5 h5 $18) 34... Bg2+ 35. Kg1) 31... Rxd5 $16 32. Ne4 Bd4 33. Bxd4 cxd4 34. Red1 f5 35. Nf2 Re8 36. Kf1 ({Better is} 36. Rd3 $16) 36... Re3 $11 37. Rd3 {next Rc4 is good for White.} g5 (37... Rde5 $1 $11) 38. Rcd1 (38. Rc4 $16) 38... Rc5 39. Rxd4 Rxb3 40. Rxb4 $2 {[%mdl 8192]} (40. Rd8+ $16 Kf7 41. R1d7+ Kg6 42. Rd6+ Kg7 43. R8d7+ Kg8 {[#]} 44. Rb6 $1 {[%mdl 512]}) 40... Rxb4 $14 {[%mdl 4096] Endgame KRR-KRN. Black is clearly winning.} 41. Rd8+ Kg7 42. Rd7+ Kg6 43. Rd6+ Kh5 44. Kg2 h6 45. Rd1 Rb2 46. Rh1+ Kg6 47. Kf3 Rc3+ {Accuracy: White = 43%, Black = 44%.} 0-1